| 000 | 00477nam a22001457a 4500 | ||
|---|---|---|---|
| 082 |
_a658.404 _bEFF _cL-14, P-133 |
||
| 110 |
_aAmerican Society of Civil Engineering, _938079 |
||
| 245 | _aEffective project management techniques. | ||
| 260 |
_aNew York: _bAmerican Society of Civil Engineering, _cc1973 |
||
| 300 |
_av, 77 p,; _bill,: _c16cm |
||
| 526 |
_a0 _b0 _c0 _d658_404000000000000_EFF |
||
| 526 |
_a0 _b0 _c0 _d658_404000000000000_EFF |
||
| 650 |
_aMCE _9379 |
||
| 942 |
_2ddc _cBK |
||
| 999 |
_c548407 _d548407 |
||